Enrichir son vocabulaire #1 - Statistiques

Statistiques générales
  • Ce quiz a été pris 41 fois
  • Le résultat moyen est 3 sur 10
Statistiques - réponses
Définition Réponse % Correct
Adj. Qui convient exactement à la situation ; adéquat I{doine}
54%
Adj. Qui s'irrite facilement, promptement ; irritable, acariâtre. I{rascible}
54%
Adj. Se dit des yeux, des regards qui sont de travers, farouches et menaçants. T{orve}
43%
Locution latine. Par voie de conséquence, automatiquement. I{pso} {facto}
32%
V. Badiner avec préciosité ; échanger des propos galants et raffinés. M{arivauder}
32%
V. 1. Glorifier, magnifier.2. Rendre plus fort, plus actif. E{xalter}
18%
V. Réprimander quelqu'un en lui faisant une leçon de morale ; sermonner. M{origéner}
14%
Adj. 1. Qui est dépourvu de noblesse, de distinction, d'élégance2. Se dit d'une remarque bassement matérielle, réaliste P{rosaïque}
14%
Adj. Qualifie une personne qui a tendance à se sentir rapidement blessée, à se vexer et qui a un naturel inquiet. O{mbrageux}
11%
Adj. Qui est bon jusqu'à la faiblesse D{ébonnaire}
7%
Aucun quiz correspondant
Distribution des résultats
% des personnes avec chaque résultat
Percentile par nombre de réponses
Votre historique - résultats
Vous n’avez pas pris ce quiz